LEADER 02080nam 2200445Ia 450 001 9910459902403321 005 20210426190726.0 010 $a0-8133-4569-3 035 $a(CKB)2670000000069343 035 $a(EBL)625142 035 $a(OCoLC)697122363 035 $a(MiAaPQ)EBC625142 035 $a(EXLCZ)992670000000069343 100 $a20020318d2002 uy 0 101 0 $aeng 135 $aur|n|---||||| 200 14$aThe regional governing of metropolitan America$b[electronic resource] /$fDavid Y. Miller 210 $aBoulder, Colo. ;$aOxford $cWestview$d2002 215 $a1 online resource (178 p.) 225 1 $aEssentials of public policy and administration series 300 $aDescription based upon print version of record. 311 $a0-8133-9807-X 320 $aIncludes bibliographical references and index. 327 $aContents; Tables and Illustrations; Acknowledgments; 1; 2; 3; 4; 5; 6; 7; 8; References; Index 330 $aEconomic regions competing in a global marketplace may well describe the emerging organizing principle of metropolitan areas. Even though the concept of a metropolitan region is relatively new, the road to the metropolitan region travels through an area of well-established institutions and cultural values-the land of local government. This book is about the development of new ways of governing metropolitan regions in the United States within the context of the globalizing of the economy and the historical role and function of local government. 410 0$aEssentials of public policy and administration series. 606 $aMetropolitan government$zUnited States 606 $aMunicipal government$zUnited States 608 $aElectronic books. 615 0$aMetropolitan government 615 0$aMunicipal government 676 $a320.850973 700 $aMiller$b David Young$0914541 801 0$bMiAaPQ 801 1$bMiAaPQ 801 2$bMiAaPQ 906 $aBOOK 912 $a9910459902403321 996 $aThe regional governing of metropolitan America$92049594 997 $aUNINA LEADER 01126nam0-2200325 --450 001 9910549194203321 005 20220322114007.0 010 $a978-88-8450-878-2 020 $aIT$b2019-564 100 $a20220322d2018----kmuy0itay5050 ba 101 2 $alat$aspa$cita 102 $aIT 105 $a 001yy 200 1 $aLiber medicine ex quadrupedibus$emagos y doctores$ela medicina en la alta Edad Media$f[attribuito a] Pseudo-Sexto Plácido$gedición, traducción y estudio de José C. Santos Paz 210 $aFirenze$cSISMEL Edizioni del Galluzzo$d2018 215 $aCXX, 100 p.$d24 cm 225 1 $aPer verba$v34 300 $aAttribuito anche a Sextus Placitus 610 0 $aFarmaci di origine animale$aOpere anteriori al 1900 676 $a615.36$v23 702 1$aPlacitus Papyrensis,$bSextus 702 1$aPlacitus,$bSextus$c 702 1$aSantos Paz,$bJosé Carlos 801 0$aIT$bUNINA$gREICAT$2UNIMARC 901 $aBK 912 $a9910549194203321 952 $aP2B 660 SISMEL PV 34$b2022/384$fFLFBC 959 $aFLFBC 996 $aLiber medicine ex quadrupedibus$92793608 997 $aUNINA